000 01072nam a2200253Ia 4500
999 _c37829
_d37829
001 3806
003 GE_BSU
005 20190814155008.0
008 181216s1980||||ge |||||||||||||| ||geo||
040 _cGE_BSU
041 _ageo
080 _a159.9.07 მ–85
100 _aნონიაშვილი, თ.
_93595
245 _aსენსომოტორული აქტივობა და ფიქსირებული განწყობა /
_cდ. უზნაძის სახ. ფსიქოლოგიის ინ-ტი.
264 _a თბ. :
_bმეცნიერება,
_c1980.
300 _a108 გვ. ;
_b21 სმ.
500 _a
504 _aლიტ. სია: გვ.:102-108(84 სხწ.).
520 _aრეზ. რუს.
653 _aსენსომოტორული აქტივობა
653 _aფიქსირებული განწყობა
710 _aდ. უზნაძის სახ. ფსიქოლოგიის ინ-ტი.
_93596
942 _cBK
_2udc